Clinical Nursing Procedures (Record no. 1552)

MARC details
000 -LEADER
Fixed length control field 00690nam a2200241Ia 4500
003 - CONTROL NUMBER IDENTIFIER
Control field IIN
005 - DATE AND TIME OF LATEST TRANSACTION
Control field 20240102163422.0
008 - FIXED-LENGTH DATA ELEMENTS--GENERAL INFORMATION
Fixed length control field 231217s9999 xx 000 0 und d
020 ## - INTERNATIONAL STANDARD BOOK NUMBER / ISBN
Price Rs.1495.00
International Standard Book Number 9789389188516
040 ## - CATALOGING SOURCE
Original cataloging agency IIN
Language of cataloging English
082 ## - DEWEY DECIMAL CLASSIFICATION NUMBER
Classification number 610.73
Book Number JAC
100 1# - MAIN ENTRY--PERSONAL NAME
Personal name Jacob, Annamma
245 1# - TITLE STATEMENT
Title Clinical Nursing Procedures
Sub title the art of nursing practice
Statement of responsibility Annamma Jacob, Rekha R. & Jadhav Sonali Tarachale
250 ## - EDITION STATEMENT
Edition statement 4th ed
260 ## - IMPRINT
Name of publisher Jaypee
Place of publication New Delhi
Date of publication 2020
300 ## - PHYSICAL DESCRIPTION
Page / Vol. No xviii, 1037p.
650 1# - SUBJECT ADDED ENTRY--TOPICAL TERM
Topical term Foundation
650 1# - SUBJECT ADDED ENTRY--TOPICAL TERM
Topical term Fundamentals
650 1# - SUBJECT ADDED ENTRY--TOPICAL TERM
Topical term Procedures
Form subdivision Nursing
700 1# - ADDED ENTRY--PERSONAL NAME
Personal name Rekha, R.
700 1# - ADDED ENTRY--PERSONAL NAME
Personal name Tarachale, Jadhav Sonali
942 ## - ADDED ENTRY ELEMENTS (KOHA)
Koha item type Books
Holdings
Withdrawn status Lost status Damaged status Not for loan Collection code Home library Current library Date acquired Price Total Checkouts Call number Accession number Date last seen Price effective from Koha item type Date checked out
          IDEAL INSTITUTE OF NURSING IDEAL INSTITUTE OF NURSING 17/12/2023 1495.00   610.73 JAC 1546 17/12/2023 17/12/2023 Books  
          IDEAL INSTITUTE OF NURSING IDEAL INSTITUTE OF NURSING 17/12/2023 1495.00 4 610.73 JAC 1547 04/06/2025 17/12/2023 Books 30/05/2025
          IDEAL INSTITUTE OF NURSING IDEAL INSTITUTE OF NURSING 17/12/2023 1495.00   610.73 JAC 1548 17/12/2023 17/12/2023 Books  
© Ideal Institute Of Nursing, All rights reserved.         Powered by Koha